Récapitulatif de mes quiz #3 - Statistiques

Statistiques générales
  • Ce quiz a été pris 173 fois
  • Le résultat moyen est 51 sur 100
Statistiques - réponses
Hint Réponse % Correct
Super-Héros H - {Hulk}
97%
Monnaies du monde D - {Dollar américain}
95%
Films français I - {Intouchables}
93%
Z Il se trouve au milieu de votre visage Nez
93%
Chanteuses T - {Taylor} {Swift}
93%
B Bambi
92%
Sportifs R - {Teddy} {Rinner}
91%
#1 TZARNA Tarzan
91%
X Le plus célèbre des gaulois de bande dessinée Astérix
89%
C Capitaine Crochet
89%
Q Animal de basse-cour qui peut servir de réveil Coq
89%
E Elsa
89%
Mères Marge Simpson
89%
#2 MAULN Mulan
89%
A Ariel
87%
W Entretien durant lequel quelqu'un interroge une personne en vue de publier un article Interview
87%
V Capitale de l'Ukraine Kiev
87%
Disney #1 Rafiki, Pumbaa, Simba Le Roi Lion
87%
Y Type de clavier informatique utilisé en France et Belgique Azerty
86%
H Hercule
86%
O Jeu de société dans lequel le tueur est peut être le colonel Mourtarde avec le chandelier Cluedo
85%
P Allure la plus rapide du cheval Galop
85%
Harry Potter ou Hunger Games Bellatrix Lestrange Harry Potter
85%
Animation #1 Fiona, L'Âne, Lord Farquaad Shrek
85%
Star Wars ou Star Trek Jean-Luc Picard Star Trek
84%
D Dingo
83%
League of Legends ou Overwatch Jinx League of Legends
83%
U Celui de la Suisse est carré alors que ceux de la majorité des pays est rectangulaire Drapeau
82%
S Selon l'expression, il ne faut pas vendre sa peau avant de l'avoir tué Ours
82%
Clubs de football Club pour lequel Lionel Messi a inscrit 672 buts B - {FC Barcelone}
81%
F Flash McQueen
81%
R Il réfléchit votre image Miroir
81%
Albator De bâbord à _______ tribord
80%
Dora l'exploratrice Chipper arrête, arrête de ______ ! chiper
76%
Chaîne de mots - Personnages Disney Il a trouvé un génie dans une lampe Aladdin
75%
M Maléfique
74%
G Geppetto
73%
J Jack Skellington
72%
Footballeurs Olivier Atton
70%
3 acteurs, 1 rôle Tobey Maguire / Andrew Garfield / Tom Holland Peter Parker / Spider-Man
70%
L Lumière
66%
Réponse en double lettres Style musical de Bob Marley GG - {Reggae}
65%
Militaires John Rambo
64%
T Acteur français, membre de la troupe Les Nuls, et créateur du jeu télé Burger Quiz Alain Chabat
63%
Père Castor Raconte-nous une ________ histoire
60%
Oui-Oui Avec ton beau ____ taxi
60%
I & K Kim Possible
58%
Bouba Mon petit ______ ourson
56%
Couples de fictions Roméo Montaigu Juliette Capulet
53%
Sailor Moon Une fille pas comme ___ ______ les autres
52%
Baby Looney Tunes Voici un grain de _____ folie
51%
Sherlock Holmes Le plus grand des __________ détectives
48%
Shaman King Ouvre les ____, regarde bien yeux
48%
Petit Ours Brun Oh, oh, tiens, voilà ______'__ quelqu'un
47%
Pokemon ou Digimon Digimon
46%
Winx Club Winx, si tu me tiens bien la ____ main
46%
Récapitulatif de mes quiz #3 Nombre présent dans le descriptif de ce quiz 300
45%
Ghost Force Ghost Force, passe à l'______ ! action
42%
Corneil et Bernie Si un jour on apprend que tu ______ parles
40%
L'école des champions Pour devenir enfin le ________ meilleur
39%
Marcelino Il parle avec les _______ animaux
38%
Mew Mew Power Comment imaginer ce qui allait m'_______ ? arriver
36%
Foot 2 Rue Symbole d'une __________ génération
35%
Capitaine Planète Quand la Terre est en ______ danger
34%
Pac-Man Rond comme un ______ ballon
33%
Ricky Star Et tout le _____ s'est alors demandé monde
33%
Il était une fois... la vie Et _____ la vie voici
31%
Martin Matin Une queue, des _____ de dragon (De dragon) ailes
30%
Lucile, amour et rock'n'roll Partout, au soleil, sous la _____ pluie
30%
Ghibli Sophie, Hauru, Calcifer Le Château ambulant
29%
Kangoo C'est nous les vrais pros du ______ basket
28%
Jimmy Neutron Je mets les ___ ! gaz
28%
Lucky Luke Il a pas ____ de personne peur
26%
Pères Charles Ingalls
23%
Bob le bricoleur Peut-on le _____ ? faire
23%
Rôles de Louis de Funès par film Le Gendarme de Saint-Tropez Ludovic Cruchot
21%
Jeanne et Serge Coup de foudre au match de ______-____ volley-ball
21%
Danny Fantôme C'est l'ado le plus cool de l'_____ école
19%
Inazuma Eleven Et la ________ est en toi ! victoire
18%
Rémi sans famille Et je me balade dans la ___ vie
15%
Valérian & Laureline A travers toutes les ________ galaxies
14%
Les Griffin On voit de la violence à la ____ télé
14%
Les Quatre Filles du docteur March Dans la maison du _______ bonheur
13%
Les Enquêtes de Prudence Petitpas Voici déjà la clef du _______ mystère
13%
Mona le vampire Qui adore jouer dans le ____ noir
13%
Capitaine Flam Pour sauver tous ___ ______ les hommes
12%
L'île des défis extrêmes Je vais très bien mes chers _______ parents
10%
Galactik Football Notre Fluide s'appelle le _______ Souffle
10%
Minus et Cortex Tenter de _________ __ _____ ! conquérir le monde
9%
Gagnants de l'Eurovision de A à Z N Netta / Nemo / Niamh Kavanagh / Nicole
9%
Sourire d'enfer Qu'un jour je deviendrais _____ jolie
8%
Clifford le gros chien rouge Clifford a vraiment _______ grandit
7%
Dr Slump Le joli robot _____ Arale
3%
Le Cuphead Show Mais avec Cuphead et ______ Mugman
3%
Pépin Troispommes Courageux _________ chevalier
2%
G.I. Joe Tous des copains et des _____ héros
2%
Bécébégé Relax teenager de _______ _____ Beverly Hills
1%
Freakazoid En pyjama ________ écarlate
1%
Nadia, le secret de l'eau bleue Toute seule à _____ Paris
1%
Pepper Ann Elle est belle et _______ rebelle
1%
Aucun quiz correspondant
Distribution des résultats
% des personnes avec chaque résultat
Percentile par nombre de réponses
Votre historique - résultats
Vous n’avez pas pris ce quiz